[Event "MMM"]
[Site "Galaxy Gesia 22a - Krakow"]
[Date "2022.06.18"]
[Round "5.13"]
[White "Wnek, Filip"]
[Black "Rosol, Alexander"]
[Result "1-0"]
[BlackElo "2104"]
[WhiteElo "2002"]
[LiveChessVersion "1.4.8"]

1. e4 {[%clk 1:30:57]} d6 {[%clk 1:30:52]} 2. d4 {[%clk 1:31:21]} Nf6
{[%clk 1:31:17]} 3. Nc3 {[%clk 1:31:45]} e5 {[%clk 1:31:36]} 4. Nf3
{[%clk 1:31:57]} Nbd7 {[%clk 1:32:00]} 5. Bc4 {[%clk 1:32:18]} Be7
{[%clk 1:32:23]} 6. O-O {[%clk 1:32:38]} c6 {[%clk 1:32:38]} 7. a4
{[%clk 1:33:04]} O-O {[%clk 1:33:03]} 8. h3 {[%clk 1:32:53]} a5 {[%clk 1:33:18]}
9. Ba2 {[%clk 1:32:57]} h6 {[%clk 1:33:32]} 10. Re1 {[%clk 1:33:07]} Re8
{[%clk 1:33:45]} 11. Be3 {[%clk 1:32:18]} exd4 {[%clk 1:31:23]} 12. Bxd4
{[%clk 1:32:39]} Nf8 {[%clk 1:30:45]} 13. Qd2 {[%clk 1:30:18]} Be6
{[%clk 1:28:07]} 14. Bxe6 {[%clk 1:29:59]} Nxe6 {[%clk 1:28:28]} 15. Be3
{[%clk 1:28:04]} Nd7 {[%clk 1:14:55]} 16. Rad1 {[%clk 1:27:21]} Ne5
{[%clk 1:12:25]} 17. Qe2 {[%clk 1:26:47]} Nxf3+ {[%clk 1:06:14]} 18. Qxf3
{[%clk 1:26:36]} Qc7 {[%clk 1:04:30]} 19. Qg3 {[%clk 1:26:50]} Kh7
{[%clk 1:02:17]} 20. f4 {[%clk 1:26:30]} Bf6 {[%clk 0:58:42]} 21. Qf3
{[%clk 1:24:05]} Bxc3 {[%clk 0:50:23]} 22. bxc3 {[%clk 1:23:24]} b5
{[%clk 0:50:44]} 23. f5 {[%clk 1:22:35]} Nc5 {[%clk 0:50:45]} 24. f6
{[%clk 1:21:04]} g6 {[%clk 0:45:33]} 25. Qf4 {[%clk 1:19:24]} g5 {[%clk 0:45:50]}
26. Qf5+ {[%clk 1:19:29]} Kg8 {[%clk 0:45:42]} 27. h4 {[%clk 1:03:08]} Re5
{[%clk 0:42:55]} 28. Qf3 {[%clk 1:03:25]} Ne6 {[%clk 0:26:19]} 29. Qh5
{[%clk 1:01:16]} Rxe4 {[%clk 0:19:39]} 30. hxg5 {[%clk 1:01:31]} hxg5
{[%clk 0:19:58]} 31. Bxg5 {[%clk 1:00:35]} Re5 {[%clk 0:19:46]} 32. Rxe5
{[%clk 1:00:35]} dxe5 {[%clk 0:20:14]} 33. Bh6 {[%clk 1:00:11]} Rd8
{[%clk 0:17:40]} 34. Rf1 {[%clk 0:59:07]} Qd6 {[%clk 0:16:09]} 35. Qg4+
{[%clk 0:55:10]} Kh7 {[%clk 0:15:53]} 36. Bg7 {[%clk 0:54:46]} Kg8
{[%clk 0:15:29]} 37. Rf3 {[%clk 0:54:00]} e4 {[%clk 0:14:57]} 38. Qh4
{[%clk 0:50:53]} 1-0

[Event "MMM"]
[Site "Galaxy Gesia 22a - Krakow"]
[Date "2022.06.18"]
[Round "5.14"]
[White "Praszak, Michal"]
[Black "Kumor, Lukasz"]
[Result "0-1"]
[BlackElo "2079"]
[WhiteElo "2062"]
[LiveChessVersion "1.4.8"]

1. d4 {[%clk 1:31:00]} Nf6 {[%clk 1:21:46]} 2. c4 {[%clk 1:31:20]} c5
{[%clk 1:22:08]} 3. d5 {[%clk 1:31:42]} b5 {[%clk 1:21:59]} 4. cxb5
{[%clk 1:32:05]} g6 {[%clk 1:22:03]} 5. g3 {[%clk 1:32:28]} d6 {[%clk 1:20:25]}
6. Bg2 {[%clk 1:32:50]} a6 {[%clk 1:19:40]} 7. bxa6 {[%clk 1:33:14]} Bxa6
{[%clk 1:19:14]} 8. Bd2 Bg7 9. Bc3 {[%clk 1:31:14]} Nbd7 {[%clk 1:18:28]} 10. h4
{[%clk 1:31:36]} O-O {[%clk 1:15:03]} 11. Nh3 {[%clk 1:31:59]} Nb6
{[%clk 1:11:58]} 12. b3 {[%clk 1:32:21]} Bb7 {[%clk 1:10:32]} 13. Nf4
{[%clk 1:32:41]} h6 {[%clk 1:07:51]} 14. O-O {[%clk 1:32:23]} Ra6
{[%clk 0:55:15]} 15. e4 {[%clk 1:32:24]} Qa8 {[%clk 0:50:39]} 16. a4
{[%clk 1:30:21]} c4 {[%clk 0:41:14]} 17. a5 {[%clk 1:30:35]} cxb3
{[%clk 0:38:29]} 18. Qxb3 {[%clk 1:29:29]} Nbd7 {[%clk 0:38:38]} 19. Nd2
{[%clk 1:29:29]} Nc5 {[%clk 0:34:44]} 20. Qc2 {[%clk 1:29:02]} Rc8
{[%clk 0:34:16]} 21. Qa2 {[%clk 1:27:58]} Qa7 {[%clk 0:32:11]} 22. Rfc1
{[%clk 1:26:28]} g5 {[%clk 0:25:47]} 23. hxg5 {[%clk 1:25:27]} hxg5
{[%clk 0:26:15]} 24. Ne2 {[%clk 0:53:27]} Nd3 {[%clk 0:24:03]} 25. Rf1
{[%clk 0:53:44]} Ng4 {[%clk 0:17:13]} 26. Bxg7 {[%clk 0:53:55]} Kxg7
{[%clk 0:17:38]} 27. Nc4 {[%clk 0:49:23]} Ngxf2 {[%clk 0:15:59]} 28. Nb6
{[%clk 0:49:40]} Rc5 {[%clk 0:07:00]} 29. Qd2 {[%clk 0:50:03]} Rxb6
{[%clk 0:04:53]} 30. Qxg5+ {[%clk 0:49:49]} Kf8 {[%clk 0:05:02]} 31. axb6
{[%clk 0:49:47]} Qxb6 {[%clk 0:05:24]} 32. Qh6+ {[%clk 0:48:36]} Ke8
{[%clk 0:05:28]} 33. Rab1 {[%clk 0:47:53]} Qa7 {[%clk 0:04:46]} 34. Qh8+
{[%clk 0:45:09]} Kd7 {[%clk 0:05:15]} 35. Qd4 {[%clk 0:45:25]} Ba6
{[%clk 0:03:17]} 36. Rxf2 {[%clk 0:44:14]} Nxf2 {[%clk 0:03:32]} 37. Qxf2
{[%clk 0:30:32]} Bxe2 {[%clk 0:03:43]} 38. Kh2 {[%clk 0:30:48]} Bd3
{[%clk 0:03:06]} 39. Qf5+ {[%clk 0:23:32]} Kd8 {[%clk 0:02:35]} 40. Rb3
{[%clk 0:23:10]} Bc4 {[%clk 0:02:30]} 41. Rb2 {[%clk 0:21:17]} Bb5
{[%clk 0:01:16]} 42. Qxf7 {[%clk 0:21:00]} Bd7 {[%clk 0:00:58]} 43. Bf3
{[%clk 0:15:57]} Rc1 {[%clk 0:01:03]} 44. Qf8+ {[%clk 0:15:15]} Kc7
{[%clk 0:00:54]} 45. Rg2 {[%clk 0:14:06]} Qe3 {[%clk 0:00:46]} 46. Qf4
{[%clk 0:04:24]} Qe1 {[%clk 0:01:07]} 47. g4 {[%clk 0:04:37]} Qh4#
{[%clk 0:01:03]} 0-1

[Event "MMM"]
[Site "Galaxy Gesia 22a - Krakow"]
[Date "2022.06.18"]
[Round "5.15"]
[White "Koziej, Maciej"]
[Black "Smykalo, Severyn"]
[Result "1-0"]
[BlackElo "1870"]
[WhiteElo "1953"]
[LiveChessVersion "1.4.8"]

1. d4 {[%clk 1:29:11]} d5 {[%clk 1:30:54]} 2. Bf4 {[%clk 1:29:38]} c6
{[%clk 1:31:13]} 3. e3 {[%clk 1:29:43]} Qb6 {[%clk 1:31:10]} 4. Qc1
{[%clk 1:22:36]} Bf5 {[%clk 1:31:12]} 5. Nf3 {[%clk 1:21:20]} Nf6
{[%clk 1:29:51]} 6. c4 {[%clk 1:19:51]} e6 {[%clk 1:28:45]} 7. c5
{[%clk 1:19:57]} Qa5+ {[%clk 1:28:09]} 8. Qc3 {[%clk 1:16:58]} Qxc3+
{[%clk 1:27:43]} 9. Nxc3 {[%clk 1:15:40]} Nbd7 {[%clk 1:27:18]} 10. h3
{[%clk 1:04:22]} Be7 {[%clk 1:20:23]} 11. g4 {[%clk 0:58:46]} Bg6
{[%clk 1:18:32]} 12. Nh4 {[%clk 0:56:23]} O-O {[%clk 1:15:22]} 13. Nxg6
{[%clk 0:56:22]} hxg6 {[%clk 1:15:40]} 14. Bg3 {[%clk 0:49:12]} e5
{[%clk 1:13:54]} 15. dxe5 {[%clk 0:48:33]} Nh7 {[%clk 1:13:38]} 16. e4
{[%clk 0:42:34]} d4 {[%clk 1:12:45]} 17. O-O-O {[%clk 0:40:55]} Bxc5
{[%clk 1:11:56]} 18. Na4 {[%clk 0:40:53]} Rfd8 {[%clk 1:11:57]} 19. f4
{[%clk 0:35:47]} b5 {[%clk 1:10:34]} 20. Nxc5 {[%clk 0:35:47]} Nxc5
{[%clk 1:11:02]} 21. Bg2 {[%clk 0:35:49]} Na4 {[%clk 1:08:26]} 22. h4
{[%clk 0:32:42]} Rd7 {[%clk 1:04:48]} 23. Bf2 {[%clk 0:28:51]} c5
{[%clk 1:04:23]} 24. g5 {[%clk 0:27:58]} Nf8 {[%clk 1:02:28]} 25. Bf1
{[%clk 0:24:22]} Rb8 {[%clk 1:01:53]} 26. f5 {[%clk 0:24:26]} Re7
{[%clk 0:58:42]} 27. Bg3 {[%clk 0:24:48]} Rb6 {[%clk 0:59:01]} 28. h5
{[%clk 0:23:46]} Nd7 {[%clk 0:58:16]} 29. e6 {[%clk 0:21:50]} fxe6
{[%clk 0:57:44]} 30. fxg6 {[%clk 0:17:35]} e5 {[%clk 0:57:45]} 31. Bh3
{[%clk 0:15:10]} Nf8 {[%clk 0:57:57]} 32. Rdf1 {[%clk 0:15:29]} c4
{[%clk 0:58:08]} 33. Rf5 {[%clk 0:14:31]} Nc5 {[%clk 0:58:13]} 34. Rhf1
{[%clk 0:14:38]} Rb8 {[%clk 0:57:42]} 35. Rf7 {[%clk 0:12:18]} Rbe8
{[%clk 0:57:12]} 36. Bf5 {[%clk 0:09:50]} Nfe6 {[%clk 0:54:15]} 37. Bxe6
{[%clk 0:06:52]} Nxe6 {[%clk 0:54:38]} 38. h6 {[%clk 0:02:51]} Nxg5
{[%clk 0:53:35]} 39. Rxe7 Rxe7 40. Rf8+ {[%clk 0:03:30]} 1-0

[Event "MMM"]
[Site "Galaxy Gesia 22a - Krakow"]
[Date "2022.06.18"]
[Round "5.16"]
[White "Cichon, Bartlomiej"]
[Black "Paprocki, Antoni"]
[Result "1/2-1/2"]
[BlackElo "1949"]
[WhiteElo "1872"]
[LiveChessVersion "1.4.8"]

1. e4 {[%clk 1:30:57]} c5 {[%clk 1:30:54]} 2. Nf3 {[%clk 1:31:24]} d6
{[%clk 1:31:20]} 3. d4 {[%clk 1:31:51]} cxd4 {[%clk 1:31:44]} 4. Nxd4
{[%clk 1:32:17]} Nf6 {[%clk 1:32:10]} 5. Nc3 {[%clk 1:32:43]} a6 {[%clk 1:32:37]}
6. h3 {[%clk 1:33:10]} e5 {[%clk 1:32:58]} 7. Nde2 {[%clk 1:33:36]} b5
{[%clk 1:33:20]} 8. g4 {[%clk 1:33:54]} b4 {[%clk 1:33:33]} 9. Nd5
{[%clk 1:34:20]} Nxd5 {[%clk 1:33:55]} 10. Qxd5 {[%clk 1:34:45]} Ra7
{[%clk 1:34:21]} 11. Be3 {[%clk 1:35:10]} Be6 {[%clk 1:34:42]} 12. Qd3
{[%clk 1:35:37]} Rb7 {[%clk 1:34:40]} 13. Bg2 {[%clk 1:35:20]} Be7
{[%clk 1:32:20]} 14. Ng3 {[%clk 1:30:50]} g6 {[%clk 1:27:59]} 15. O-O
{[%clk 1:29:16]} Qc7 {[%clk 1:25:03]} 16. b3 {[%clk 1:27:57]} O-O
{[%clk 1:22:02]} 17. Rfd1 {[%clk 1:24:31]} Rc8 {[%clk 1:17:22]} 18. Rd2
{[%clk 1:20:09]} Qa5 {[%clk 1:14:14]} 19. Nf5 {[%clk 0:52:13]} gxf5
{[%clk 1:09:29]} 20. exf5 {[%clk 0:43:45]} Rc3 {[%clk 1:09:37]} 21. Qe2
{[%clk 0:35:58]} Bc8 {[%clk 1:08:51]} 22. g5 {[%clk 0:34:31]} e4 {[%clk 0:46:15]}
23. Bxe4 {[%clk 0:21:47]} Rxe3 {[%clk 0:41:58]} 24. Qxe3 {[%clk 0:20:12]} Qe5
{[%clk 0:42:23]} 25. Re1 {[%clk 0:14:39]} Rb5 {[%clk 0:42:06]} 26. f4
{[%clk 0:05:21]} Qc5 {[%clk 0:40:57]} 27. Qxc5 {[%clk 0:03:25]} Rxc5
{[%clk 0:41:26]} 28. f6 {[%clk 0:02:46]} Bf8 {[%clk 0:41:33]} 29. Rd5
{[%clk 0:02:22]} Rc3 {[%clk 0:39:31]} 30. h4 {[%clk 0:01:10]} Be6
{[%clk 0:34:59]} 31. Rd2 {[%clk 0:01:17]} Nc6 {[%clk 0:30:10]} 32. Ree2
{[%clk 0:00:44]} d5 {[%clk 0:28:15]} 33. Bxd5 {[%clk 0:00:40]} Nd4
{[%clk 0:28:11]} 34. Rxd4 {[%clk 0:00:35]} Bc5 {[%clk 0:28:40]} 35. Bxe6
{[%clk 0:00:36]} Bxd4+ {[%clk 0:29:05]} 36. Kg2 {[%clk 0:00:58]} fxe6
{[%clk 0:29:29]} 37. Rd2 {[%clk 0:00:41]} Bxf6 {[%clk 0:17:19]} 38. gxf6
{[%clk 0:01:05]} Kf7 {[%clk 0:17:47]} 39. f5 {[%clk 0:00:36]} exf5
{[%clk 0:18:00]} 40. Rd7+ {[%clk 0:00:44]} Kxf6 {[%clk 0:18:25]} 41. Rd6+
{[%clk 0:01:11]} Ke5 {[%clk 0:18:37]} 42. Rxa6 {[%clk 0:01:27]} Rxc2+
{[%clk 0:17:58]} 43. Kf3 {[%clk 0:01:38]} Rc3+ {[%clk 0:18:24]} 44. Ke2
{[%clk 0:00:32]} Ke4 {[%clk 0:17:28]} 45. Re6+ {[%clk 0:00:35]} Kf4
{[%clk 0:17:53]} 46. Rb6 Kg3 {[%clk 0:16:02]} 47. Rxb4 {[%clk 0:00:44]} f4
{[%clk 0:16:21]} 48. Kd2 {[%clk 0:00:40]} f3 {[%clk 0:13:12]} 49. Rb7
{[%clk 0:00:59]} Rc6 {[%clk 0:13:35]} 50. Rxh7 {[%clk 0:00:37]} Rd6+
{[%clk 0:11:09]} 51. Ke3 {[%clk 0:00:45]} Re6+ {[%clk 0:11:34]} 52. Kd3
{[%clk 0:00:41]} Rf6 {[%clk 0:09:57]} 53. Rg7+ {[%clk 0:00:47]} Kh2
{[%clk 0:10:07]} 54. Rc7 {[%clk 0:00:56]} f2 {[%clk 0:10:07]} 55. Rc1
{[%clk 0:01:09]} Kg2 {[%clk 0:08:49]} 56. Kd4 {[%clk 0:00:46]} Rd6+
{[%clk 0:04:49]} 57. Ke3 {[%clk 0:00:37]} f1=Q {[%clk 0:03:42]} 58. Rxf1
{[%clk 0:01:02]} Kxf1 {[%clk 0:04:06]} 59. Kf4 {[%clk 0:01:09]} Rd5
{[%clk 0:02:07]} 60. a4 {[%clk 0:01:21]} Ke2 {[%clk 0:01:58]} 61. b4
{[%clk 0:01:28]} Rd4+ {[%clk 0:01:42]} 62. Kg5 {[%clk 0:01:33]} Kf3
{[%clk 0:01:36]} 63. h5 {[%clk 0:01:39]} Rd5+ {[%clk 0:01:27]} 64. Kg6
{[%clk 0:01:31]} Kg4 {[%clk 0:01:45]} 65. b5 {[%clk 0:00:48]} Rd6+
{[%clk 0:01:27]} 66. Kf7 {[%clk 0:01:09]} Kxh5 {[%clk 0:01:23]} 67. Ke7
{[%clk 0:01:03]} Rd4 {[%clk 0:01:46]} 68. b6 {[%clk 0:00:57]} Rxa4
{[%clk 0:00:58]} 69. Kd6 {[%clk 0:01:19]} Rb4 {[%clk 0:01:22]} 70. Kc7
{[%clk 0:01:42]} Rc4+ {[%clk 0:01:17]} 71. Kd6 {[%clk 0:01:59]} Rb4
{[%clk 0:01:44]} 72. Kc7 {[%clk 0:02:25]} Rxb6 {[%clk 0:02:11]} 73. Kxb6
{[%clk 0:02:46]} 1/2-1/2

[Event "MMM"]
[Site "Galaxy Gesia 22a - Krakow"]
[Date "2022.06.18"]
[Round "5.17"]
[White "Kuciel, Wladyslaw"]
[Black "Hilarecki, Grzegorz"]
[Result "1-0"]
[BlackElo "1868"]
[WhiteElo "1930"]
[LiveChessVersion "1.4.8"]

1. d4 {[%clk 1:30:57]} Nf6 {[%clk 1:30:30]} 2. c4 {[%clk 1:31:14]} c5
{[%clk 1:29:38]} 3. d5 {[%clk 1:30:33]} b5 {[%clk 1:28:23]} 4. Qc2
{[%clk 1:29:34]} b4 {[%clk 1:26:32]} 5. e4 {[%clk 1:28:36]} d6 {[%clk 1:26:47]}
6. h3 {[%clk 1:23:07]} g6 {[%clk 1:26:24]} 7. Nf3 {[%clk 1:23:23]} Bg7
{[%clk 1:26:34]} 8. Bd3 {[%clk 1:22:40]} O-O {[%clk 1:26:35]} 9. O-O
{[%clk 1:19:46]} a5 {[%clk 1:25:01]} 10. a4 {[%clk 1:15:40]} bxa3
{[%clk 1:16:23]} 11. Rxa3 {[%clk 1:15:35]} Na6 {[%clk 1:16:13]} 12. Nc3
{[%clk 1:14:57]} Nb4 {[%clk 1:15:51]} 13. Qe2 {[%clk 1:15:17]} Nxd3
{[%clk 1:13:36]} 14. Qxd3 {[%clk 1:15:39]} Nd7 {[%clk 1:10:56]} 15. Qe2
{[%clk 1:11:47]} Nb6 {[%clk 0:51:29]} 16. Bf4 {[%clk 1:04:52]} e5
{[%clk 0:45:26]} 17. Bg5 {[%clk 1:02:54]} f6 {[%clk 0:43:10]} 18. Bd2
{[%clk 1:02:54]} Bd7 {[%clk 0:36:53]} 19. b3 {[%clk 0:52:13]} f5 {[%clk 0:36:05]}
20. Rfa1 {[%clk 0:48:00]} a4 {[%clk 0:34:31]} 21. bxa4 {[%clk 0:42:05]} fxe4
{[%clk 0:32:30]} 22. Ng5 {[%clk 0:42:07]} e3 {[%clk 0:31:45]} 23. Bxe3
{[%clk 0:42:19]} e4 {[%clk 0:31:26]} 24. Ngxe4 {[%clk 0:40:53]} Nxa4
{[%clk 0:30:18]} 25. Rxa4 {[%clk 0:38:16]} Bxa4 {[%clk 0:30:02]} 26. Rxa4
{[%clk 0:38:38]} Rxa4 {[%clk 0:30:24]} 27. Nxa4 {[%clk 0:39:01]} Qa5
{[%clk 0:30:31]} 28. Naxc5 {[%clk 0:35:48]} dxc5 {[%clk 0:30:29]} 29. Nxc5
{[%clk 0:36:06]} Rc8 {[%clk 0:30:02]} 30. Qg4 {[%clk 0:36:03]} Re8
{[%clk 0:28:36]} 31. Ne6 {[%clk 0:32:47]} Be5 {[%clk 0:26:08]} 32. g3
{[%clk 0:32:13]} Qe1+ {[%clk 0:25:09]} 33. Kg2 {[%clk 0:32:24]} Ra8
{[%clk 0:22:55]} 34. Ng5 {[%clk 0:32:18]} 1-0

[Event "MMM"]
[Site "Galaxy Gesia 22a - Krakow"]
[Date "2022.06.18"]
[Round "5.18"]
[White "Palacki, Rafal"]
[Black "Ten Have, Roland"]
[Result "1/2-1/2"]
[BlackElo "1957"]
[WhiteElo "1840"]
[LiveChessVersion "1.4.8"]

1. d4 {[%clk 1:30:55]} f5 {[%clk 1:30:56]} 2. Bg5 {[%clk 1:30:58]} d5
{[%clk 1:30:14]} 3. e3 {[%clk 1:30:35]} c6 {[%clk 1:30:23]} 4. Bd3
{[%clk 1:29:19]} Nf6 {[%clk 1:26:10]} 5. Bxf6 {[%clk 1:29:34]} exf6
{[%clk 1:26:34]} 6. Qf3 {[%clk 1:28:36]} g6 {[%clk 1:25:09]} 7. h4
{[%clk 1:28:33]} h5 {[%clk 1:21:41]} 8. Ne2 {[%clk 1:24:57]} Be6 {[%clk 1:21:25]}
9. Nf4 {[%clk 1:18:57]} Bf7 {[%clk 1:21:39]} 10. Nd2 {[%clk 1:18:07]} Na6
{[%clk 1:17:28]} 11. a3 {[%clk 0:59:39]} Bd6 {[%clk 1:02:54]} 12. g3
{[%clk 0:53:01]} Nc7 {[%clk 1:00:09]} 13. c4 {[%clk 0:51:19]} Qd7
{[%clk 0:59:39]} 14. c5 {[%clk 0:50:38]} Be7 {[%clk 0:57:54]} 15. b4
{[%clk 0:49:53]} Ne6 {[%clk 0:55:44]} 16. Ke2 {[%clk 0:48:45]} Nxf4+
{[%clk 0:55:52]} 17. gxf4 {[%clk 0:48:56]} O-O {[%clk 0:51:51]} 18. Nf1
{[%clk 0:43:57]} Kh7 {[%clk 0:46:49]} 19. Ng3 {[%clk 0:38:28]} 1/2-1/2

[Event "MMM"]
[Site "Galaxy Gesia 22a - Krakow"]
[Date "2022.06.18"]
[Round "5.19"]
[White "Witczak, Borys"]
[Black "Maj, Samuel"]
[Result "0-1"]
[BlackElo "1935"]
[WhiteElo "1667"]
[LiveChessVersion "1.4.8"]

1. d4 {[%clk 1:30:56]} Nf6 {[%clk 1:30:53]} 2. c4 {[%clk 1:31:19]} e6
{[%clk 1:30:53]} 3. Nc3 {[%clk 1:31:42]} c5 {[%clk 1:31:18]} 4. d5
{[%clk 1:27:18]} exd5 {[%clk 1:31:32]} 5. Nxd5 {[%clk 1:27:42]} Nxd5
{[%clk 1:30:11]} 6. cxd5 {[%clk 1:27:20]} d6 {[%clk 1:29:56]} 7. e4
{[%clk 1:22:57]} g6 {[%clk 1:29:33]} 8. Bf4 {[%clk 1:08:52]} Qe7 {[%clk 1:26:43]}
9. Bb5+ {[%clk 1:07:03]} Bd7 {[%clk 1:24:30]} 10. Bxd7+ {[%clk 1:06:13]} Nxd7
{[%clk 1:24:18]} 11. Qe2 {[%clk 1:06:17]} Bg7 {[%clk 1:22:46]} 12. O-O-O
{[%clk 0:52:14]} O-O {[%clk 1:20:38]} 13. Nh3 {[%clk 0:43:48]} c4
{[%clk 1:18:59]} 14. Kc2 {[%clk 0:39:48]} Ne5 {[%clk 1:13:02]} 15. Bxe5
{[%clk 0:37:06]} Qxe5 {[%clk 1:13:06]} 16. Rb1 {[%clk 0:37:24]} b5
{[%clk 1:12:15]} 17. f4 {[%clk 0:37:24]} Qd4 {[%clk 1:10:17]} 18. Rhd1
{[%clk 0:36:59]} Qc5 {[%clk 1:08:45]} 19. Rbc1 {[%clk 0:30:26]} b4
{[%clk 1:05:19]} 20. Kb1 {[%clk 0:30:41]} c3 {[%clk 1:05:07]} 21. b3
{[%clk 0:30:59]} a5 {[%clk 1:04:29]} 22. Rc2 {[%clk 0:30:13]} a4 {[%clk 1:04:12]}
23. e5 {[%clk 0:30:00]} axb3 {[%clk 1:02:48]} 24. axb3 {[%clk 0:30:24]} Ra3
{[%clk 1:02:53]} 25. Ra2 {[%clk 0:30:04]} Rfa8 {[%clk 1:02:27]} 26. Rxa3
{[%clk 0:29:32]} Rxa3 {[%clk 1:02:43]} 27. Qc4 {[%clk 0:29:35]} c2+
{[%clk 1:02:36]} 28. Kxc2 {[%clk 0:29:39]} Ra2+ {[%clk 1:00:07]} 29. Kd3
{[%clk 0:29:25]} Qb6 {[%clk 0:58:12]} 30. Qc6 {[%clk 0:27:52]} Qb8
{[%clk 0:54:59]} 31. Rc1 {[%clk 0:26:08]} Bf8 {[%clk 0:53:27]} 32. exd6
{[%clk 0:25:34]} Qd8 {[%clk 0:51:17]} 33. Rc2 {[%clk 0:18:59]} Ra3
{[%clk 0:50:19]} 34. d7 {[%clk 0:16:48]} Rxb3+ {[%clk 0:43:44]} 35. Kc4
{[%clk 0:16:43]} Ra3 {[%clk 0:37:56]} 36. Qc8 {[%clk 0:14:42]} Ra8
{[%clk 0:36:25]} 37. Qxd8 {[%clk 0:05:01]} Rxd8 {[%clk 0:36:54]} 38. Ng5
{[%clk 0:04:31]} Rxd7 {[%clk 0:36:55]} 39. Ne4 {[%clk 0:04:28]} Kg7
{[%clk 0:35:43]} 40. Nc5 {[%clk 0:03:28]} Bxc5 {[%clk 0:35:58]} 0-1

[Event "MMM"]
[Site "Galaxy Gesia 22a - Krakow"]
[Date "2022.06.18"]
[Round "5.20"]
[White "Zarebska, Lena"]
[Black "Smietanska, Wiktoria"]
[Result "0-1"]
[BlackElo "1868"]
[WhiteElo "1829"]
[LiveChessVersion "1.4.8"]

1. e4 {[%clk 1:30:56]} c6 {[%clk 1:30:55]} 2. d4 {[%clk 1:31:11]} d5
{[%clk 1:31:18]} 3. e5 {[%clk 1:31:37]} c5 {[%clk 1:31:38]} 4. dxc5
{[%clk 1:31:52]} e6 {[%clk 1:32:01]} 5. a3 {[%clk 1:32:10]} Bxc5 {[%clk 1:32:19]}
6. Qg4 {[%clk 1:32:27]} g6 {[%clk 1:32:05]} 7. Bd3 {[%clk 1:32:12]} Nc6
{[%clk 1:30:04]} 8. Nf3 {[%clk 1:32:17]} h5 {[%clk 1:27:29]} 9. Qf4
{[%clk 1:30:12]} Qc7 {[%clk 1:21:47]} 10. O-O {[%clk 1:28:19]} Bf8
{[%clk 1:13:24]} 11. Re1 {[%clk 1:24:08]} Bg7 {[%clk 1:11:01]} 12. b4
{[%clk 1:20:38]} Nge7 {[%clk 1:08:31]} 13. b5 {[%clk 1:15:07]} Na5
{[%clk 1:07:57]} 14. Bd2 {[%clk 1:15:12]} Bd7 {[%clk 1:03:53]} 15. Bb4
{[%clk 1:14:32]} Nc4 {[%clk 0:54:26]} 16. Nc3 {[%clk 1:07:33]} Rc8
{[%clk 0:47:27]} 17. h3 {[%clk 0:45:42]} a5 {[%clk 0:40:58]} 18. bxa6
{[%clk 0:37:55]} bxa6 {[%clk 0:41:19]} 19. Ng5 {[%clk 0:35:13]} Nf5
{[%clk 0:34:07]} 20. Bxc4 {[%clk 0:19:48]} Qxc4 {[%clk 0:34:11]} 21. Qf3
{[%clk 0:16:53]} Bh6 {[%clk 0:33:11]} 22. h4 {[%clk 0:16:30]} Qxh4
{[%clk 0:32:45]} 23. Nxd5 {[%clk 0:15:27]} Bxg5 {[%clk 0:29:23]} 24. Nb6
{[%clk 0:14:54]} Bc6 {[%clk 0:10:18]} 25. Qc3 {[%clk 0:13:22]} Bf4
{[%clk 0:09:19]} 26. f3 {[%clk 0:09:59]} Qh2+ {[%clk 0:09:06]} 27. Kf2
{[%clk 0:10:00]} Bg3+ {[%clk 0:09:23]} 28. Ke2 {[%clk 0:10:11]} Qxg2+
{[%clk 0:08:57]} 29. Kd1 {[%clk 0:10:34]} Bxf3+ {[%clk 0:09:09]} 0-1

[Event "MMM"]
[Site "Galaxy Gesia 22a - Krakow"]
[Date "2022.06.18"]
[Round "5.22"]
[White "Czarnecka, Lidia"]
[Black "Sprzeczka, Emilia"]
[Result "1-0"]
[BlackElo "1635"]
[WhiteElo "1940"]
[LiveChessVersion "1.4.8"]

1. e4 {[%clk 1:30:57]} c5 {[%clk 1:30:49]} 2. Nf3 {[%clk 1:30:51]} d6
{[%clk 1:31:08]} 3. d4 {[%clk 1:30:29]} cxd4 {[%clk 1:31:23]} 4. Nxd4
{[%clk 1:30:42]} Nf6 {[%clk 1:31:35]} 5. Nc3 {[%clk 1:31:01]} g6 {[%clk 1:31:52]}
6. Be3 {[%clk 1:30:08]} Bg7 {[%clk 1:31:57]} 7. f3 {[%clk 1:28:15]} O-O
{[%clk 1:31:11]} 8. Bc4 {[%clk 1:22:37]} Nc6 {[%clk 1:30:33]} 9. Qd2
{[%clk 1:20:08]} Nxd4 {[%clk 1:30:46]} 10. Bxd4 {[%clk 1:20:28]} Be6
{[%clk 1:30:43]} 11. Bxe6 {[%clk 1:20:36]} fxe6 {[%clk 1:31:05]} 12. O-O-O
{[%clk 1:20:01]} Qa5 {[%clk 1:30:57]} 13. Kb1 {[%clk 1:20:06]} b5
{[%clk 1:24:09]} 14. Ne2 {[%clk 1:17:53]} Qxd2 {[%clk 1:23:22]} 15. Rxd2
{[%clk 1:18:22]} a6 {[%clk 1:18:06]} 16. Rhd1 {[%clk 1:13:09]} Nd7
{[%clk 1:13:27]} 17. Be3 {[%clk 1:11:05]} Ne5 {[%clk 1:05:29]} 18. b3
{[%clk 1:10:28]} Nc6 {[%clk 1:01:58]} 19. h4 {[%clk 1:04:00]} Rac8
{[%clk 0:48:15]} 20. h5 {[%clk 1:01:04]} Kf7 {[%clk 0:43:48]} 21. Rh1
{[%clk 0:53:39]} a5 {[%clk 0:38:16]} 22. hxg6+ {[%clk 0:36:38]} hxg6
{[%clk 0:38:26]} 23. Nf4 {[%clk 0:34:18]} Rh8 {[%clk 0:36:04]} 24. Nh3
{[%clk 0:34:34]} Ke8 {[%clk 0:34:56]} 25. Rhd1 {[%clk 0:30:50]} a4
{[%clk 0:28:30]} 26. Ng5 {[%clk 0:28:46]} Bc3 {[%clk 0:20:54]} 27. Rf2
{[%clk 0:28:11]} Kd7 {[%clk 0:20:13]} 28. f4 {[%clk 0:28:02]} axb3
{[%clk 0:15:54]} 29. cxb3 {[%clk 0:28:17]} Na5 {[%clk 0:12:38]} 30. Nf3
{[%clk 0:26:56]} Nc6 {[%clk 0:11:35]} 31. Bc1 {[%clk 0:22:45]} Kc7
{[%clk 0:08:50]} 32. Ng5 {[%clk 0:18:14]} Kd7 {[%clk 0:08:28]} 33. Be3
{[%clk 0:18:11]} Nd8 {[%clk 0:06:23]} 34. Rff1 {[%clk 0:16:01]} Nc6
{[%clk 0:05:54]} 35. Nf3 {[%clk 0:16:08]} Kc7 {[%clk 0:05:53]} 36. g3
{[%clk 0:15:06]} Bf6 {[%clk 0:05:31]} 37. Rf2 {[%clk 0:14:38]} Kb7
{[%clk 0:05:26]} 38. Re2 {[%clk 0:14:36]} Bc3 {[%clk 0:04:40]} 39. Nh4
{[%clk 0:14:43]} Rhg8 {[%clk 0:04:51]} 40. Rh2 {[%clk 0:14:27]} Bf6
{[%clk 0:04:59]} 41. Nf3 {[%clk 0:13:45]} b4 {[%clk 0:04:29]} 42. Re2
{[%clk 0:13:47]} Rh8 {[%clk 0:04:44]} 43. Bf2 {[%clk 0:13:58]} Bc3
{[%clk 0:04:51]} 44. Ng5 {[%clk 0:12:58]} Nd8 {[%clk 0:04:12]} 45. Be3
{[%clk 0:09:51]} Bf6 {[%clk 0:04:20]} 46. Nf3 {[%clk 0:09:44]} Nc6
{[%clk 0:04:08]} 47. Bc1 {[%clk 0:09:35]} Bc3 {[%clk 0:04:10]} 48. Bb2
{[%clk 0:09:57]} Bxb2 {[%clk 0:03:58]} 49. Kxb2 {[%clk 0:10:24]} Na7
{[%clk 0:03:38]} 50. e5 {[%clk 0:09:08]} Nb5 {[%clk 0:03:24]} 51. Re4
{[%clk 0:09:29]} d5 {[%clk 0:03:12]} 52. Rxb4 {[%clk 0:09:50]} Ka6
{[%clk 0:03:26]} 53. Nh4 {[%clk 0:09:12]} Rc7 {[%clk 0:03:11]} 54. Rd2
{[%clk 0:08:33]} Rhc8 {[%clk 0:02:31]} 55. a4 {[%clk 0:08:49]} Nc3
{[%clk 0:02:47]} 56. Rbd4 {[%clk 0:07:49]} Ne4 {[%clk 0:03:04]} 57. Rg2
{[%clk 0:08:14]} Rc3 {[%clk 0:03:15]} 58. Nxg6 {[%clk 0:08:16]} Rb8
{[%clk 0:02:51]} 59. b4 {[%clk 0:08:37]} Rc7 {[%clk 0:02:48]} 60. g4
{[%clk 0:07:14]} Rcb7 {[%clk 0:02:09]} 61. b5+ {[%clk 0:06:14]} Ka5
{[%clk 0:02:24]} 62. Rc2 {[%clk 0:06:35]} Ra7 {[%clk 0:02:13]} 63. f5
{[%clk 0:06:26]} 1-0